000 00611cam a2200217 4500500
005 20260405002946.0
041 _afre
042 _adc
100 1 0 _aPortevin, Catherine
_eauthor
245 0 0 _aNos vies en séries
260 _c2019.
500 _a86
690 _aÉcran
690 _aFictions
690 _aImages
690 _aSandra Laugier
690 _aséries
690 _aStanley Cavell
786 0 _nPhilosophie magazine | 133 | 10 | 2019-10-01 | p. 58-58 | 1951-1787
856 4 1 _uhttps://shs.cairn.info/magazine-philosophie-magazine-2019-10-page-58?lang=fr&redirect-ssocas=7080
999 _c2062939
_d2062939